| 000 | 01054cab a2200229 4500 | ||
|---|---|---|---|
| 001 | X91436 | ||
| 008 | 090401t1998 xxu||||| |||| 00| 0 eng d | ||
| 035 | _a(Sirsi) u85914 | ||
| 041 | _aeng | ||
| 245 | _aWestminster CC v The Football Association | ||
| 260 | _c1998 | ||
| 350 | _a0 | ||
| 490 |
_aPlanning Appeal Decisions _v(1998) 13 PAD 170-174(5) |
||
| 520 | _aListed buildings application - internal layout alterations and joinery details - retention after Euro `96 - formerly in hotel use - effect on character of building - development and district plans - unitary development plan - PPG15 - previous unsympathetic conversion - character or appearance of conservation area - personal condition inappropriate - indefinite retention unacceptable. Costs - appellants had not behaved uneasonably in pursuing appeal. HEADNOTE. | ||
| 650 | _aCOSTS | ||
| 650 | _aLISTED BUILDINGS | ||
| 650 | _aPPG15 | ||
| 650 | _aWESTMINSTER CC V THE FOOTBALL ASSOCIATION | ||
| 690 | _aPLANNING LAW AND PRACTICE-CASE LAW | ||
| 942 | _n0 | ||
| 948 | _c30/04/1998 | ||
| 999 |
_c54045 _d54045 |
||